[Event "The Barroom Brawl"]
[Site "SchemingMind.com"]
[Date "2014.02.23"]
[Round "-"]
[White "Chessibelle"]
[Black "Sully7"]
[Result "0-1"]
[WhiteCountry "ENG"]
[BlackCountry "IRL"]
[WhiteElo "1198"]
[WhiteRD "58"]
[BlackElo "2044"]
[BlackRD "64"]
[GameID "348492"]

1. Nf3 b6 2. d4 Bb7 3. e3 e6 4. Be2 Nf6 5. Nc3 Bb4 6. Bd2 O-O 7. O-O c5 8. a3 Ba5 9. g3 d6 10. Bd3 a6
11. e4 Bxc3 12. Bxc3 Nxe4 13. Be1 Re8 14. Ng5 Qxg5 15. f3 Nf6 16. Bd2 Qd5 17. c3 cxd4 18. Be2 d3 19. Be3 dxe2 20. Qxe2 Nbd7
21. Rfd1 Qf5 22. Rf1 Ne5 23. Rf2 Nxf3+ 24. Kf1 Qh3+ 25. Rg2 Nxh2+ 26. Kg1 Bxg2 27. Kf2 Ne4+ 28. Ke1 Bf3 29. Qd3 Qxg3+
0-1

[Event "The Barroom Brawl"]
[Site "SchemingMind.com"]
[Date "2014.02.23"]
[Round "-"]
[White "Sully7"]
[Black "Chessibelle"]
[Result "1-0"]
[WhiteCountry "IRL"]
[BlackCountry "ENG"]
[WhiteElo "2044"]
[WhiteRD "64"]
[BlackElo "1198"]
[BlackRD "58"]
[GameID "348493"]

1. e4 e5 2. d4 Nc6 3. Nf3 Nf6 4. Bc4 h6 5. Nxe5 Nxe5 6. dxe5 Nxe4 7. Bxf7+ Ke7 8. Bg6 Nc5 9. Qf3 Ke6 10. Qf7+ Kxe5
11. Bf4+ Kd4 12. c3#
1-0

[Event "The Barroom Brawl"]
[Site "SchemingMind.com"]
[Date "2014.02.28"]
[Round "-"]
[White "kenneth m day"]
[Black "Chessibelle"]
[Result "1-0"]
[WhiteCountry "USA"]
[BlackCountry "ENG"]
[WhiteElo "1767"]
[WhiteRD "48"]
[BlackElo "1189"]
[BlackRD "58"]
[GameID "348700"]

1. e4 e5 2. Nf3 Nc6 3. c3 b6 4. d4 d6 5. Bb5 Bd7 6. O-O Be7 7. h4 h6 8. dxe5 a6 9. Bc4 dxe5 10. Qd5 Be6
11. Qxc6+ Bd7 12. Qd5 Be6 13. Qxd8+ Bxd8 14. Bxe6 fxe6 15. Nxe5 Nf6 16. Nd2 Nh5 17. Ndf3 Rf8 18. Be3 c5 19. Rad1 Bc7 20. Rd7 Bb8
21. Rfd1 Nf6 22. Rd8+ Ke7 23. Ng6+ Kf7 24. Nxf8 Nxe4 25. R1d7+ Kf6 26. h5 Kf5 27. Nh7 a5 28. Rf8+ Kg4 29. Rxg7+
1-0

[Event "The Barroom Brawl"]
[Site "SchemingMind.com"]
[Date "2014.03.01"]
[Round "-"]
[White "Chessibelle"]
[Black "kenneth m day"]
[Result "0-1"]
[WhiteCountry "ENG"]
[BlackCountry "USA"]
[WhiteElo "1182"]
[WhiteRD "57"]
[BlackElo "1769"]
[BlackRD "48"]
[GameID "348701"]

1. Nf3 d5 2. d4 Nf6 3. Nc3 g6 4. e3 Bg7 5. Bd3 O-O 6. O-O Bg4 7. Re1 Nbd7 8. h3 Be6 9. e4 dxe4 10. Nxe4 Re8
11. Bg5 h6 12. Bf4 b6 13. b3 Bd5 14. c4 Bb7 15. Qc2 Rc8 16. a3 c5 17. b4 Nh5 18. Qd2 Nxf4 19. Qxf4 e5 20. Qd2 exd4
21. Nd6 Rxe1+ 22. Nxe1 Rc7 23. Qf4 Ba8 24. Qxf7+ Kh8 25. Qxg6 Nf6 26. Nf7+ Rxf7 27. Qxf7 Qd6 28. Nf3 Qf4 29. Qxa7 Be4 30. Qxb6 Bxd3
31. Qd8+ Kh7 32. Re1 Bxc4 33. Re7 Nh5 34. Rb7 Qc1+ 35. Kh2 Nf4 36. Qf8 Nh5 37. Qf5+ Kh8 38. Qxh5 Qf4+ 39. g3 Qe4 40. Rb8+ Bg8
41. Qf7 Qh7 42. bxc5 d3 43. c6 d2 44. Nxd2 Be5 45. f4 Qxf7 46. fxe5 Qc7
0-1

[Event "The Barroom Brawl"]
[Site "SchemingMind.com"]
[Date "2014.03.01"]
[Round "-"]
[White "kenneth m day"]
[Black "Sully7"]
[Result "0-1"]
[WhiteCountry "USA"]
[BlackCountry "IRL"]
[WhiteElo "1769"]
[WhiteRD "48"]
[BlackElo "2133"]
[BlackRD "62"]
[GameID "348702"]

1. e4 b6 2. d4 Bb7 3. Bd3 e6 4. Nf3 c5 5. c3 Nf6 6. Bg5 Be7 7. Nbd2 cxd4 8. cxd4 O-O 9. O-O h6 10. Bxf6 Bxf6
11. Rc1 Nc6 12. e5 Nb4 13. Bc4 Bg5 14. Nxg5 Qxg5 15. Nf3 Qg6 16. a3 Nd5 17. Bd3 f5 18. exf6 Qxf6 19. Ne5 Nf4 20. f3 d6
21. Ng4 Qxd4+ 22. Nf2 Rac8 23. Bh7+ Kxh7 24. Qxd4 Ne2+ 25. Kh1 Nxd4 26. Ne4 Rxc1
0-1

[Event "The Barroom Brawl"]
[Site "SchemingMind.com"]
[Date "2014.03.01"]
[Round "-"]
[White "Sully7"]
[Black "kenneth m day"]
[Result "1-0"]
[WhiteCountry "IRL"]
[BlackCountry "USA"]
[WhiteElo "2133"]
[WhiteRD "62"]
[BlackElo "1769"]
[BlackRD "48"]
[GameID "348703"]

1. Nf3 d5 2. b3 Nf6 3. Bb2 e6 4. e3 c5 5. Bd3 Nc6 6. O-O Be7 7. Ne5 Nxe5 8. Bxe5 O-O 9. Qf3 Bd6 10. Bxf6 Qxf6
11. Qxf6 gxf6 12. f4 Kh8 13. Rf3 Rg8 14. Rh3 Rg7 15. Nc3 e5 16. Rh6 Be6 17. f5 e4 18. Bxe4 dxe4 19. fxe6 fxe6 20. Nxe4 Be5
21. Rf1 b6 22. Nxf6 Bxf6 23. Rhxf6 Re8 24. Rf8+ Rg8 25. Rxe8 Rxe8 26. Rf7 a6 27. Rb7 b5 28. Rc7 Rd8 29. d3 c4 30. bxc4 bxc4
31. Rxc4
1-0

[Event "The Barroom Brawl"]
[Site "SchemingMind.com"]
[Date "2014.03.02"]
[Round "-"]
[White "Phillip Beckett"]
[Black "kenneth m day"]
[Result "0-1"]
[WhiteCountry "ENG"]
[BlackCountry "USA"]
[WhiteElo "1517"]
[WhiteRD "50"]
[BlackElo "1767"]
[BlackRD "48"]
[GameID "348791"]

1. e4 e5 2. Nf3 Nc6 3. Bb5 d6 4. O-O Nf6 5. Re1 Bd7 6. d4 exd4 7. Nxd4 Nxd4 8. Bxd7+ Qxd7 9. Qxd4 Be7 10. Nc3 O-O
11. Bg5 Rfd8 12. e5 dxe5 13. Qxd7 Rxd7 14. Rxe5 h6 15. Bh4 Bd6 16. Re2 Ng4 17. h3 Ne5 18. Rd1 Ng6 19. Red2 Nxh4 20. Ne4 Rad8
21. Nxd6 Rxd6 22. Rxd6 Rxd6 23. Rxd6 cxd6 24. g3 Nf5 25. Kg2 f6 26. f4 Kf7 27. g4 Ne3+ 28. Kf3 Nxc2
0-1

[Event "The Barroom Brawl"]
[Site "SchemingMind.com"]
[Date "2014.03.02"]
[Round "-"]
[White "kenneth m day"]
[Black "Phillip Beckett"]
[Result "1-0"]
[WhiteCountry "USA"]
[BlackCountry "ENG"]
[WhiteElo "1767"]
[WhiteRD "48"]
[BlackElo "1517"]
[BlackRD "50"]
[GameID "348792"]

1. e4 e5 2. Nf3 Nc6 3. c3 Nf6 4. d4 exd4 5. e5 Ne4 6. Qe2 Nc5 7. cxd4 Na6 8. Bd2 Be7 9. d5 Ncb8 10. d6 Bh4
11. g3 Bg5 12. Bxg5 f6 13. exf6+ Kf7 14. Qc4+ Kg6 15. Bd3+ Kh5 16. Qh4#
1-0

[Event "The Barroom Brawl"]
[Site "SchemingMind.com"]
[Date "2014.03.02"]
[Round "-"]
[White "Phillip Beckett"]
[Black "Chessibelle"]
[Result "1-0"]
[WhiteCountry "ENG"]
[BlackCountry "ENG"]
[WhiteElo "1517"]
[WhiteRD "50"]
[BlackElo "1189"]
[BlackRD "58"]
[GameID "348795"]

1. e4 e5 2. Nf3 Nc6 3. Bc4 h6 4. c3 Nf6 5. d3 d6 6. Qb3 d5 7. exd5 Ne7 8. d6 Ned5 9. Bxd5 Nxd5 10. Qxd5 c6
11. Qxe5+ Be6 12. O-O Qd7 13. Nd4 f6 14. Qxe6+ Kd8 15. Bf4 g5 16. Qxd7+ Kxd7 17. Bg3 Re8 18. Nd2 c5 19. Nb5 a6 20. Nc7 Rd8
21. d4 Kc6 22. dxc5 Kxc5 23. Nb3+ Kb6 24. f3 f5 25. Bf2+ Kc6 26. Nd4+ Kxd6 27. Nde6 Rd7 28. Rad1+ Kc6 29. Rxd7 Kxd7 30. Rd1+ Kc6
31. Nxf8 Rxf8 32. Ne6 Rc8 33. Nd4+ Kd6 34. Nxf5+ Ke6 35. Nxh6 b5 36. Bg3
1-0

[Event "The Barroom Brawl"]
[Site "SchemingMind.com"]
[Date "2014.03.02"]
[Round "-"]
[White "Chessibelle"]
[Black "Phillip Beckett"]
[Result "0-1"]
[WhiteCountry "ENG"]
[BlackCountry "ENG"]
[WhiteElo "1189"]
[WhiteRD "58"]
[BlackElo "1517"]
[BlackRD "50"]
[GameID "348796"]

1. Nf3 Nf6 2. d4 d5 3. e3 e6 4. Nc3 c5 5. Bb5+ Nc6 6. Ne5 Bd7 7. Bd2 Nxe5 8. Be2 Nc6 9. a3 Be7 10. Bd3 cxd4
11. Ne2 dxe3 12. Bxe3 O-O 13. O-O Ne5 14. Nf4 Nxd3 15. Nxd3 a6 16. b4 Rc8 17. Re1 Qc7 18. Rc1 Ne4 19. f3 Nc3 20. Qd2 Bf6
21. Nc5 Na4 22. Qd3 Be7 23. Nb3 Bb5 24. Qd2 Qc3 25. Qf2 Bc4 26. Nd4 Bf6 27. Ne2 Qxa3 28. Nf4 Qxb4 29. Bd2 Qc5 30. Be3 d4
31. Bd2 e5 32. Nh5 Be7 33. Qg3 g6 34. Rb1 d3+ 35. Be3 Qa3 36. Bh6 dxc2 37. Rbc1 Rfd8 38. Qxe5 Bf8 39. Nf6+ Kh8 40. Ng4+ Kg8
41. Be3 Bg7 42. Qf4 Ba2 43. Nh6+ Bxh6 44. Qxh6 Qf8 45. Qg5 Nb2 46. Qa5 Nd3 47. Qxa2 Nxe1 48. Qb2 Nd3
0-1

[Event "The Barroom Brawl"]
[Site "SchemingMind.com"]
[Date "2014.03.02"]
[Round "-"]
[White "Phillip Beckett"]
[Black "Sully7"]
[Result "0-1"]
[WhiteCountry "ENG"]
[BlackCountry "IRL"]
[WhiteElo "1517"]
[WhiteRD "50"]
[BlackElo "2084"]
[BlackRD "64"]
[GameID "348797"]

1. e4 d5 2. exd5 Nf6 3. Bb5+ Bd7 4. Bc4 c6 5. d6 exd6 6. Nf3 d5 7. Bb3 Qe7+ 8. Qe2 Qxe2+ 9. Kxe2 Bb4 10. Re1 O-O
11. c3 Re8+ 12. Kf1 Rxe1+ 13. Nxe1 Bd6 14. d4 Bxh2 15. g3 Bh3+ 16. Ng2 Nbd7 17. Nd2 Ne4 18. Nxe4 dxe4 19. Bf4 h6 20. Bc2 Re8
21. Re1 g5 22. Bd6 f5 23. Bd1 f4 24. gxf4 gxf4 25. Bc2 Nf6 26. Bb3+ Kg7 27. Be5 Rxe5 28. dxe5 f3 29. exf6+ Kxf6 30. Rxe4 fxg2+
31. Ke2 g1=Q
0-1

[Event "The Barroom Brawl"]
[Site "SchemingMind.com"]
[Date "2014.03.02"]
[Round "-"]
[White "Sully7"]
[Black "Phillip Beckett"]
[Result "1-0"]
[WhiteCountry "IRL"]
[BlackCountry "ENG"]
[WhiteElo "2084"]
[WhiteRD "64"]
[BlackElo "1517"]
[BlackRD "50"]
[GameID "348798"]

1. e4 e5 2. Nf3 Nc6 3. d4 exd4 4. c3 d5 5. exd5 Qxd5 6. cxd4 Bb4+ 7. Nbd2 Nxd4 8. Nxd4 Qxd4 9. a3 Bxd2+ 10. Qxd2 Qxd2+
11. Bxd2 Ne7 12. Bc3 O-O 13. O-O-O Bg4 14. f3 Be6 15. Bd3 Nd5 16. Be5 c6 17. h4 f6 18. Bh2 Rad8 19. Rhe1 Bf7 20. g4 Rfe8
21. Be4 Nb6 22. Rxd8 Rxd8 23. Bc2 Kf8 24. Bg1 Nd5 25. Bxa7 Nf4 26. Bc5+ Kg8 27. Re7 Bg6 28. Bb3+ Kh8 29. Bb6 Nd3+ 30. Kd2 Rd6
31. Bc7 Nc5+ 32. Bxd6 Nxb3+ 33. Kc3 Na5 34. h5
1-0

[Event "The Barroom Brawl"]
[Site "SchemingMind.com"]
[Date "2014.03.02"]
[Round "-"]
[White "Derek Price"]
[Black "Phillip Beckett"]
[Result "1-0"]
[WhiteCountry "ENG"]
[BlackCountry "ENG"]
[WhiteElo "2338"]
[WhiteRD "79"]
[BlackElo "1517"]
[BlackRD "50"]
[GameID "348799"]

1. d4 d5 2. c4 e6 3. Nc3 Nf6 4. cxd5 Nxd5 5. Nf3 Nxc3 6. bxc3 Be7 7. e4 O-O 8. Bd3 Nd7 9. O-O c5 10. Qe2 cxd4
11. cxd4 Nf6 12. Bf4 Bd7 13. h3 Bc6 14. Rfc1 Nh5 15. Bd2 Rc8 16. Ne5 Nf6 17. Nxc6 Rxc6 18. Rxc6 bxc6 19. Be3 Qa5 20. Qc2 Rc8
21. Rb1 c5 22. dxc5 Bxc5 23. Qxc5 Qxc5 24. Bxc5
1-0

[Event "The Barroom Brawl"]
[Site "SchemingMind.com"]
[Date "2014.03.02"]
[Round "-"]
[White "Phillip Beckett"]
[Black "Derek Price"]
[Result "0-1"]
[WhiteCountry "ENG"]
[BlackCountry "ENG"]
[WhiteElo "1517"]
[WhiteRD "50"]
[BlackElo "2338"]
[BlackRD "79"]
[GameID "348800"]

1. e4 c5 2. Nf3 d6 3. d4 cxd4 4. Nxd4 Nf6 5. Nc3 a6 6. Bg5 e6 7. f4 Be7 8. Qf3 h6 9. Bxf6 Bxf6 10. O-O-O Qb6
11. Bc4 Bxd4 12. Na4 Qa7 13. c3 Be3+ 14. Kb1 b5 15. Nc5 Bxc5 16. e5 bxc4 17. exd6 Bb7 18. d7+ Nxd7 19. Qg3 O-O 20. Ka1 Nf6
21. f5 exf5
0-1

[Event "The Barroom Brawl"]
[Site "SchemingMind.com"]
[Date "2014.03.02"]
[Round "-"]
[White "Derek Price"]
[Black "kenneth m day"]
[Result "1-0"]
[WhiteCountry "ENG"]
[BlackCountry "USA"]
[WhiteElo "2355"]
[WhiteRD "82"]
[BlackElo "1769"]
[BlackRD "48"]
[GameID "348801"]

1. d4 Nf6 2. c4 e6 3. Nf3 b6 4. a3 Bb7 5. Nc3 d5 6. cxd5 Nxd5 7. Bd2 Be7 8. Qc2 O-O 9. e4 Nf6 10. Bd3 Nbd7
11. e5 Nd5 12. Bxh7+ Kh8 13. Nxd5 Bxd5 14. Be4 Bxe4 15. Qxe4 f6 16. Qg4 f5 17. Qh5+ Kg8 18. Qg6 Rf7 19. Qxe6 Nf8 20. Qc6 Rb8
21. O-O Qd7 22. Qxd7 Nxd7 23. e6 Rf6 24. exd7 Rd8 25. Bg5 Rf7 26. Bxe7 Rxe7 27. Ne5
1-0

[Event "The Barroom Brawl"]
[Site "SchemingMind.com"]
[Date "2014.03.02"]
[Round "-"]
[White "kenneth m day"]
[Black "Derek Price"]
[Result "0-1"]
[WhiteCountry "USA"]
[BlackCountry "ENG"]
[WhiteElo "1769"]
[WhiteRD "48"]
[BlackElo "2355"]
[BlackRD "82"]
[GameID "348802"]

1. e4 c5 2. d4 cxd4 3. c3 Nf6 4. e5 Nd5 5. Bc4 Qc7 6. Qe2 Nb6 7. Bb3 Nc6 8. Nf3 d5 9. Bf4 Bg4 10. h3 Bxf3
11. Qxf3 Nxe5 12. Bxe5 Qxe5+ 13. Qe2 Qxe2+ 14. Kxe2 dxc3 15. Nxc3 e6 16. Nb5 Kd7 17. Rac1 Bd6 18. Rhd1 Bf4 19. Rc3 Be5 20. Rc2 a6
21. Nd4 Rac8 22. Rcd2 Nc4 23. Bxc4 Rxc4 24. Nf3 Bf6 25. b3 Rc3 26. Nd4 Rhc8 27. Ke1 Bg5 28. Re2 Rc1 29. Rb2 Rxd1+ 30. Kxd1 Rc1+
31. Ke2 Bf6 32. Rd2 Bxd4 33. Rxd4 Rc2+ 34. Rd2 Rxd2+ 35. Kxd2 e5 36. Kd3 Kc6 37. Ke3 d4+ 38. Ke4 f5+ 39. Kd3 Kd5 40. f3 e4+
41. fxe4+ fxe4+
0-1

[Event "The Barroom Brawl"]
[Site "SchemingMind.com"]
[Date "2014.03.02"]
[Round "-"]
[White "Derek Price"]
[Black "Chessibelle"]
[Result "1-0"]
[WhiteCountry "ENG"]
[BlackCountry "ENG"]
[WhiteElo "2338"]
[WhiteRD "79"]
[BlackElo "1189"]
[BlackRD "58"]
[GameID "348805"]

1. d4 d5 2. c4 Nf6 3. cxd5 Nxd5 4. Nf3 e6 5. e4 Nb6 6. Nc3 Nc6 7. Be3 Nd7 8. a3 Be7 9. Bd3 Nf6 10. O-O O-O
11. h3 g6 12. Qc2 Qd6 13. e5 Nxe5 14. dxe5 Qd8 15. exf6 Bxf6 16. Ne4 Be7 17. Rfd1 a6 18. Bh6 Re8 19. Qc3 f6 20. Bb5 Bd6
21. Bxe8 Qxe8 22. Nxf6+
1-0

[Event "The Barroom Brawl"]
[Site "SchemingMind.com"]
[Date "2014.03.02"]
[Round "-"]
[White "Chessibelle"]
[Black "Derek Price"]
[Result "0-1"]
[WhiteCountry "ENG"]
[BlackCountry "ENG"]
[WhiteElo "1189"]
[WhiteRD "58"]
[BlackElo "2338"]
[BlackRD "79"]
[GameID "348806"]

1. Nf3 Nf6 2. d4 e6 3. Nc3 d5 4. e3 c5 5. Bb5+ Bd7 6. Bd3 Nc6 7. a3 c4 8. Be2 Bd6 9. g3 O-O 10. O-O Rc8
11. b3 cxb3 12. cxb3 Na5 13. Re1 Rxc3 14. b4 Nc4 15. Qd2 Nxd2
0-1

[Event "The Barroom Brawl"]
[Site "SchemingMind.com"]
[Date "2014.03.02"]
[Round "-"]
[White "Derek Price"]
[Black "Sully7"]
[Result "1-0"]
[WhiteCountry "ENG"]
[BlackCountry "IRL"]
[WhiteElo "2355"]
[WhiteRD "82"]
[BlackElo "2133"]
[BlackRD "62"]
[GameID "348807"]

1. d4 Nf6 2. c4 b6 3. Nc3 Bb7 4. Qc2 g6 5. e4 d6 6. g3 Bg7 7. Bg2 O-O 8. Nge2 Nbd7 9. O-O Re8 10. Rd1 Qc8
11. b3 c6 12. Bb2 b5 13. cxb5 cxb5 14. a3 Qc7 15. Qd3 a6 16. Rac1 Qb6 17. Nf4 Bh6 18. Rc2 e6 19. Bc1 Rac8 20. Bd2 Bf8
21. Rdc1 e5 22. dxe5 dxe5 23. Ncd5 Nxd5 24. Nxd5 Qd4 25. Qxd4 exd4 26. Rxc8 Rxc8 27. Rxc8 Bxc8 28. b4 Ne5 29. Kf1 Nc4 30. Bc1 f5
31. Ke2 Kf7 32. Nf4 Bh6 33. exf5 Bxf5 34. Bb7 a5 35. bxa5 Nxa5 36. Bd5+ Kf6 37. Nh5+ Ke5 38. Bxh6 Kxd5 39. Nf6+ Kc4 40. Nxh7 Kb3
41. Nf6 Kxa3 42. g4 Bc2 43. Bf8+ Kb3 44. Kd2 Nc4+ 45. Kc1 d3 46. Ne4 b4 47. h4 Ka4 48. Bg7 b3 49. Nd2
1-0

[Event "The Barroom Brawl"]
[Site "SchemingMind.com"]
[Date "2014.03.02"]
[Round "-"]
[White "Sully7"]
[Black "Derek Price"]
[Result "0-1"]
[WhiteCountry "IRL"]
[BlackCountry "ENG"]
[WhiteElo "2133"]
[WhiteRD "62"]
[BlackElo "2355"]
[BlackRD "82"]
[GameID "348808"]

1. e4 c5 2. d4 cxd4 3. c3 Nf6 4. e5 Nd5 5. Qf3 e6 6. Ne2 Nc6 7. Nxd4 Nxe5 8. Qg3 d6 9. Be2 h5 10. c4 h4
11. Qb3 Nb6 12. Nc3 Bd7 13. O-O h3 14. g3 Rc8 15. Ndb5 Nexc4 16. Nxa7 Rc5 17. Nab5 Be7 18. a4 d5 19. a5 Nc8 20. a6 bxa6
21. Rxa6 O-O 22. Rd1 Qe8 23. Nd4 N8d6 24. Qa2 Rc8 25. Bf1 e5 26. Nxd5 exd4 27. Bf4 Be6 28. Rxd4 Rc5 29. Nxe7+ Qxe7 30. b3 Nb5
31. Rxc4 Bxc4 32. bxc4 Nd4 33. Qb1 Ne2+ 34. Bxe2 Qxe2 35. Qf1 Qxc4 36. Qxc4 Rxc4 37. Kf1 Rc2 38. Ra1 Rd8 39. Ke1 Re8+ 40. Kf1 Ree2
41. Be3 Rxe3 42. fxe3 Rxh2 43. Kg1 Rg2+ 44. Kh1 Rxg3 45. e4 Re3 46. Kh2 Rxe4 47. Kxh3 Kh7 48. Rf1 f6
0-1

[Event "The Barroom Brawl"]
[Site "SchemingMind.com"]
[Date "2014.03.04"]
[Round "-"]
[White "Derek Price"]
[Black "Simon Green"]
[Result "1-0"]
[WhiteCountry "ENG"]
[BlackCountry "ENG"]
[WhiteElo "2338"]
[WhiteRD "79"]
[BlackElo "1602"]
[BlackRD "54"]
[GameID "348919"]

1. d4 e6 2. c4 d5 3. Nc3 Nf6 4. cxd5 exd5 5. Bg5 Be7 6. e3 O-O 7. Bd3 Nc6 8. Nge2 h6 9. Bh4 a6 10. O-O Nb4
11. Bb1 Qd6 12. a3 Nc6 13. Bg3 Qd7 14. Qd3 Bd6 15. Nxd5 Qf5 16. Qxf5 Bxf5 17. Nxf6+ gxf6 18. Bxf5 Bxg3 19. Nxg3 Kg7 20. Rac1 Rfd8
21. Be4 Rd6 22. Nf5+
1-0

[Event "The Barroom Brawl"]
[Site "SchemingMind.com"]
[Date "2014.03.04"]
[Round "-"]
[White "Simon Green"]
[Black "Derek Price"]
[Result "0-1"]
[WhiteCountry "ENG"]
[BlackCountry "ENG"]
[WhiteElo "1632"]
[WhiteRD "57"]
[BlackElo "2355"]
[BlackRD "82"]
[GameID "348920"]

1. d4 d5 2. e3 c6 3. Bd3 Nf6 4. f4 e6 5. Nf3 Be7 6. O-O O-O 7. Nbd2 c5 8. c3 Nbd7 9. Ne5 Qc7 10. Qe1 b6
11. Qg3 Bb7 12. Ndf3 Ne4 13. Bxe4 dxe4 14. Nxd7 Qxd7 15. Ne5 Qc7 16. Bd2 f6 17. Nc4 cxd4 18. b3 b5 19. exd4 bxc4 20. bxc4 Qxc4
21. Rfb1 Bd5 22. Qe3 Rab8 23. Rb4 Bxb4 24. cxb4 Rfc8 25. a3 Qa6 26. Kf2 Rc2 27. Kg3 Rb2 28. Rc1 Qd3 29. Qxd3 exd3
0-1

[Event "The Barroom Brawl"]
[Site "SchemingMind.com"]
[Date "2014.03.05"]
[Round "-"]
[White "Phillip Beckett"]
[Black "Simon Green"]
[Result "0-1"]
[WhiteCountry "ENG"]
[BlackCountry "ENG"]
[WhiteElo "1517"]
[WhiteRD "50"]
[BlackElo "1602"]
[BlackRD "54"]
[GameID "348921"]

1. e4 e6 2. d4 d5 3. Nd2 Nf6 4. e5 Nfd7 5. Bd3 c5 6. c3 c4 7. Bc2 Nc6 8. Ndf3 Be7 9. Nh3 b5 10. Bg5 h6
11. Bxe7 Nxe7 12. O-O O-O 13. Nd2 Nc6 14. f4 f5 15. Qe1 a5 16. Nf3 a4 17. a3 Na5 18. Nh4 Qe8 19. Qg3 Bb7 20. Ng6 Rf7
21. Nh4 Nf8 22. Ng6 Nxg6 23. Qxg6 Re7 24. Rf3 Qxg6 25. Rg3 Qf7 26. Rf1 Nb3
0-1

[Event "The Barroom Brawl"]
[Site "SchemingMind.com"]
[Date "2014.03.05"]
[Round "-"]
[White "Simon Green"]
[Black "Phillip Beckett"]
[Result "1/2-1/2"]
[WhiteCountry "ENG"]
[BlackCountry "ENG"]
[WhiteElo "1602"]
[WhiteRD "54"]
[BlackElo "1517"]
[BlackRD "50"]
[GameID "348922"]

1. d4 d5 2. e3 e6 3. Bd3 Bd6 4. f4 f5 5. Nf3 Nf6 6. O-O O-O 7. c3 Ne4 8. Ne5 Nd7 9. Nd2 Ndf6 10. Bxe4 fxe4
11. b4 Qe8 12. a3 Qh5 13. Qxh5 Nxh5 14. c4 Bxe5 15. fxe5 g6 16. Rxf8+ Kxf8 17. Bb2 Ng7 18. c5 Nf5 19. Rf1 Kg7 20. Re1 Bd7
21. Nf1 Rf8 22. Ng3 Nxg3 23. hxg3 Bb5 24. Rc1 c6 25. Bc3 a6 26. Be1 Rf1+ 27. Kh2 Rf7 28. Kh3 Rf1=
1/2-1/2

[Event "The Barroom Brawl"]
[Site "SchemingMind.com"]
[Date "2014.03.05"]
[Round "-"]
[White "kenneth m day"]
[Black "Simon Green"]
[Result "1-0"]
[WhiteCountry "USA"]
[BlackCountry "ENG"]
[WhiteElo "1769"]
[WhiteRD "48"]
[BlackElo "1632"]
[BlackRD "57"]
[GameID "348923"]

1. e4 e6 2. d4 d5 3. Nd2 Nf6 4. e5 Nfd7 5. Bd3 c5 6. c3 c4 7. Bc2 b5 8. Ndf3 Be7 9. h4 Nc6 10. Bg5 O-O
11. Ne2 f5 12. exf6 Nxf6 13. Ne5 Nxe5 14. dxe5 Ng4 15. f4 Bxg5 16. hxg5 Ne3 17. Bxh7+ Kf7 18. g6+ Ke8 19. Qd4 Nc2+ 20. Kd2 Nxa1
21. Rxa1 Qb6 22. Qxb6 axb6 23. a3 Bd7 24. Rf1 Ke7 25. Ng3 Rad8 26. Nh5 Rf5 27. Nxg7 Rff8 28. Nh5 Rf5 29. g4 Rff8 30. g7
1-0

[Event "The Barroom Brawl"]
[Site "SchemingMind.com"]
[Date "2014.03.05"]
[Round "-"]
[White "Simon Green"]
[Black "kenneth m day"]
[Result "1-0"]
[WhiteCountry "ENG"]
[BlackCountry "USA"]
[WhiteElo "1632"]
[WhiteRD "57"]
[BlackElo "1769"]
[BlackRD "48"]
[GameID "348924"]

1. d4 Nf6 2. e3 d5 3. Bd3 g6 4. f4 Bg7 5. Nf3 Bg4 6. O-O O-O 7. Nbd2 Nbd7 8. Qe1 Ne4 9. Nxe4 dxe4 10. Bxe4 c6
11. c3 Rc8 12. Qg3 Bxf3 13. Qxf3 Nf6 14. Bd3 Qd7 15. f5 Qd5 16. e4 Qd7 17. e5 Nd5 18. a3 c5 19. c4 Nb6 20. dxc5 Rxc5
21. f6 exf6 22. exf6 Bh8 23. Bh6 Rd8 24. Rad1 Rh5 25. Bxg6 Rxh6 26. Rxd7 Rxd7 27. Bf5 Rc7 28. Qd3 Bxf6 29. Qg3+
1-0

[Event "The Barroom Brawl"]
[Site "SchemingMind.com"]
[Date "2014.03.04"]
[Round "-"]
[White "Simon Green"]
[Black "Chessibelle"]
[Result "1-0"]
[WhiteCountry "ENG"]
[BlackCountry "ENG"]
[WhiteElo "1602"]
[WhiteRD "54"]
[BlackElo "1189"]
[BlackRD "58"]
[GameID "348927"]

1. d4 d5 2. e3 Nf6 3. Bd3 g6 4. f4 Nc6 5. Nf3 e6 6. O-O Bd7 7. c3 b6 8. Nbd2 Bd6 9. Ne5 Ne7 10. Qe1 Bc8
11. Qg3 Nh5 12. Qg5 f6 13. Qh6 f5 14. Qg5 Bb7 15. g4 fxg4 16. Nxg4 Qd7 17. Nf3 O-O-O 18. Nfe5 Qe8 19. Nh6 Rf8 20. Bd2 Ng7
21. c4 c5 22. cxd5 Nxd5 23. dxc5 Bxc5 24. Rac1 Nxe3 25. Bxe3 Rd5 26. Bxc5 bxc5 27. Be4 Rd4 28. Rxc5+ Kb8 29. Bxb7 Kxb7 30. Rfc1 Qa4
31. Qe7+
1-0

[Event "The Barroom Brawl"]
[Site "SchemingMind.com"]
[Date "2014.03.04"]
[Round "-"]
[White "Chessibelle"]
[Black "Simon Green"]
[Result "0-1"]
[WhiteCountry "ENG"]
[BlackCountry "ENG"]
[WhiteElo "1189"]
[WhiteRD "58"]
[BlackElo "1602"]
[BlackRD "54"]
[GameID "348928"]

1. Nf3 e6 2. d4 d5 3. Nc3 Nf6 4. e3 c5 5. Bb5+ Bd7 6. Bd3 c4 7. Be2 Nc6 8. Bd2 a6 9. b3 b5 10. a4 Nb4
11. Ne5 Bd6 12. Nxd7 Nxd7 13. O-O Qc7 14. g3 O-O 15. e4 dxe4 16. Nxe4 cxb3 17. cxb3 Nd5 18. Bd3 h6 19. Qg4 N7f6 20. Nxf6+ Nxf6
21. Qf3 Nd5 22. Qe4 g6 23. Bxh6 Nc3 24. Qg4 Rfe8 25. Qg5 Qe7 26. Qd2 b4 27. Rfe1 a5 28. Bc2 e5 29. Qe3 e4 30. d5 Nxd5
31. Qd4 Be5 32. Qd1 Bxa1 33. Qxa1 f5 34. Rd1 Nf6 35. Qd4 Rad8 36. Qc4+ Kh7 37. Bd2 Ng4 38. Qe2 e3 39. fxe3 Nxe3 40. Qe1 Qc5
41. Kh1 Nxd1 42. Qxd1 Qd5+
0-1

[Event "The Barroom Brawl"]
[Site "SchemingMind.com"]
[Date "2014.03.04"]
[Round "-"]
[White "Simon Green"]
[Black "Sully7"]
[Result "0-1"]
[WhiteCountry "ENG"]
[BlackCountry "IRL"]
[WhiteElo "1602"]
[WhiteRD "54"]
[BlackElo "2084"]
[BlackRD "64"]
[GameID "348929"]

1. d4 Nf6 2. e3 d5 3. Bd3 Nc6 4. c3 e5 5. f4 e4 6. Bc2 Be7 7. Ne2 O-O 8. O-O b6 9. Qe1 Ba6 10. Nd2 Ng4
11. Ng3 Bxf1 12. Ndxf1 f5 13. h3 Nh6 14. Nd2 Bh4 15. Kh2 Rf6 16. Qe2 Bxg3+ 17. Kxg3 g5 18. Qh5 Nf7 19. Kh2 Rh6 20. Qe2 g4
21. Nf1 gxh3 22. gxh3 Qh4 23. Qg2+ Kh8 24. Ng3 Rg8 25. Bd2 Rhg6 26. Be1 Nh6 27. Bf2 Ng4+ 28. Kg1 Nxf2 29. Qxf2 Rxg3+
0-1

[Event "The Barroom Brawl"]
[Site "SchemingMind.com"]
[Date "2014.03.04"]
[Round "-"]
[White "Sully7"]
[Black "Simon Green"]
[Result "1-0"]
[WhiteCountry "IRL"]
[BlackCountry "ENG"]
[WhiteElo "2084"]
[WhiteRD "64"]
[BlackElo "1602"]
[BlackRD "54"]
[GameID "348930"]

1. e4 e6 2. d4 d5 3. Nc3 Nf6 4. exd5 Nxd5 5. Nf3 Nxc3 6. bxc3 Be7 7. Bb5+ Bd7 8. a4 Nc6 9. O-O a6 10. Bd3 O-O
11. Re1 Bd6 12. Ng5 h6 13. Nh7 Re8 14. Qh5 Qe7 15. Bxh6 f5 16. Bxf5 gxh6 17. Qg6+ Qg7 18. Nf6+ Kf8 19. Nxd7+ Qxd7 20. Bxe6 Qe7
21. Qg8#
1-0